[Event "VIE-ch"]
[Site "Ha Tien"]
[Date "2023.09.17"]
[Round "9"]
[White "Pham, Xuan Dat"]
[Black "Pham, Tran Gia Phuc"]
[Result "0-1"]
[WhiteElo "2200"]
[BlackElo "2392"]
[PlyCount "64"]
[EventDate "2023.09.13"]
[EventType "swiss"]
[EventRounds "9"]
[EventCountry "VIE"]
[SourceTitle "CBM 216 Extra"]
[Source "ChessBase"]
[SourceDate "2023.11.30"]
[SourceVersion "1"]
[SourceVersionDate "2023.11.30"]
[SourceQuality "1"]

1. d4 Nf6 2. c4 e6 3. Nc3 Bb4 4. e3 c5 5. Bd3 Nc6 6. Nf3 0-0 7. 0-0 Bxc3 8. bxc3 d6 9. e4 e5 10. d5 Ne7 11. Nh4 Ng6 12. Nxg6 fxg6 13. f3 Nh5 14. Rf2 Nf4 15. Bf1 g5 16. Be3 Qf6 17. Qd2 Qg6 18. g3 h6 19. Kh1 Nh3 20. Bxh3 Bxh3 21. Qe2 g4 22. Qd3 gxf3 23. Re1 Qh5 24. Kg1 Bg2 25. Rb2 Qh3 26. Bf2 Rf7 27. Reb1 Rb8 28. a4 h5 29. Qd1 h4 30. gxh4 Rf4 31. Rxb7 Rxb7 32. Rxb7 Qg4 0-1

[Event "VIE-ch"]
[Site "Ha Tien"]
[Date "2023.09.13"]
[Round "2"]
[White "Tran, Vo Quoc Bao"]
[Black "Pham, Xuan Dat"]
[Result "1-0"]
[WhiteElo "1889"]
[BlackElo "2200"]
[PlyCount "75"]
[EventDate "2023.09.13"]
[EventType "swiss"]
[EventRounds "9"]
[EventCountry "VIE"]
[SourceTitle "CBM 216 Extra"]
[Source "ChessBase"]
[SourceDate "2023.11.30"]
[SourceVersion "1"]
[SourceVersionDate "2023.11.30"]
[SourceQuality "1"]

1. e4 c5 2. c3 Nf6 3. e5 Nd5 4. Nf3 Nc6 5. d4 cxd4 6. cxd4 d6 7. Bc4 Nb6 8. Bb5 dxe5 9. Nxe5 Qd5 10. Bxc6+ bxc6 11. 0-0 c5 12. Nc3 Qxd4 13. Nb5 Qxe5 14. Re1 Bg4 15. Rxe5 Bxd1 16. Nc7+ Kd8 17. Nxa8 Nd7 18. Re3 Kc8 19. Ra3 Kb7 20. Nc7 Be2 21. Nd5 e6 22. Nf4 Bb5 23. Be3 a6 24. Rc3 Be7 25. a4 Bc6 26. Nd3 Bd5 27. Nxc5+ Nxc5 28. Bxc5 Bf6 29. Rd3 Rc8 30. Bd4 Bc4 31. Rd2 e5 32. Bc3 Bg5 33. Rd7+ Kc6 34. Rad1 Bb3 35. R1d6+ Kc5 36. Rxa6 e4 37. Rb7 Bc4 38. b4+ 1-0

[Event "VIE-chT"]
[Site "Hanoi"]
[Date "2023.04.22"]
[Round "7"]
[White "Dinh, Nho Kiet"]
[Black "Pham, Xuan Dat"]
[Result "1-0"]
[WhiteElo "2209"]
[BlackElo "2200"]
[PlyCount "173"]
[EventDate "2023.04.18"]
[EventType "swiss"]
[EventRounds "9"]
[EventCountry "VIE"]
[SourceTitle "EXT 2024"]
[Source "ChessBase"]
[SourceDate "2023.10.10"]
[SourceVersion "1"]
[SourceVersionDate "2023.10.10"]
[SourceQuality "1"]

1. d4 Nf6 2. c4 e6 3. Nc3 Bb4 4. e3 0-0 5. Nge2 Re8 6. a3 Bf8 7. Ng3 d5 8. Be2 b6 9. cxd5 exd5 10. 0-0 Bb7 11. Bf3 Nbd7 12. b3 Ne4 13. Ncxe4 dxe4 14. Be2 Bd5 15. Bb2 c6 16. Rc1 b5 17. Qd2 Qg5 18. Bd1 Bd6 19. Qe2 Nf6 20. a4 a6 21. Bc3 Re6 22. Be1 Rae8 23. axb5 axb5 24. h3 Ra8 25. Kh1 g6 26. Rg1 h5 27. Nf1 Qh6 28. Rb1 Kh7 29. Bc3 Qg5 30. Ra1 Rxa1 31. Bxa1 Ng4 32. g3 Nh6 33. h4 Qe7 34. Nh2 Rf6 35. Bc3 Qe6 36. Rg2 Qh3 37. Kg1 Qc8 38. Qd2 Qa8 39. Nf1 Rf5 40. Qc2 Rf6 41. Nd2 Re6 42. b4 Qa3 43. Nb1 Qa8 44. Nd2 f5 45. Qb2 Re7 46. Nb3 Qa4 47. Kh1 Bxb4 48. Rg1 Qa3 49. Qxa3 Bxa3 50. Bc2 Ng4 51. Kg2 Bd6 52. Ra1 Kg8 53. Ra6 Kf7 54. Ba5 Nf6 55. Bd8 Rd7 56. Bb6 Rb7 57. Na5 Rb8 58. Ra7+ Ke6 59. Nb7 Bc4 60. Bc5 Bxc5 61. Nxc5+ Kd6 62. Rg7 Ra8 63. Rxg6 Ke7 64. Rg7+ Kf8 65. Rg5 Ra1 66. Rxf5 Bf1+ 67. Kh2 Ke7 68. g4 Nxg4+ 69. Kg3 Nf6 70. Re5+ Kf7 71. Nxe4 Nxe4+ 72. Bxe4 Rc1 73. Rxh5 b4 74. Rh7+ Ke6 75. Rb7 Bb5 76. d5+ cxd5 77. Rxb5 dxe4 78. Rxb4 Kf5 79. Rb5+ Ke6 80. h5 Rh1 81. Kf4 Rh4+ 82. Kg5 Rh2 83. h6 Rg2+ 84. Kf4 Rxf2+ 85. Kxe4 Rh2 86. Rb6+ Kf7 87. Kd5 1-0

[Event "VIE-ch"]
[Site "Vung Tau"]
[Date "2023.03.03"]
[Round "1"]
[White "Pham, Xuan Dat"]
[Black "Bui, Quang Huy"]
[Result "1-0"]
[WhiteElo "2227"]
[BlackElo "1392"]
[PlyCount "101"]
[EventDate "2023.03.03"]
[EventType "swiss"]
[EventRounds "9"]
[EventCountry "VIE"]
[SourceTitle "EXT 2024"]
[Source "ChessBase"]
[SourceDate "2023.10.10"]
[SourceVersion "1"]
[SourceVersionDate "2023.10.10"]
[SourceQuality "1"]

1. d4 Nf6 2. c4 g6 3. Nc3 d5 4. Bg5 Ne4 5. Bh4 Nxc3 6. bxc3 dxc4 7. e3 Be6 8. Nf3 Bg7 9. Rb1 b6 10. Be2 0-0 11. Nd2 Bd5 12. 0-0 a6 13. a4 Qd7 14. Bxc4 Bc6 15. Bb3 Bb7 16. a5 b5 17. Bc2 Nc6 18. Nb3 Qd5 19. e4 Qc4 20. d5 Nd8 21. Bd3 Qxc3 22. Rc1 Qb4 23. Rxc7 Bxd5 24. Bxe7 Qxb3 25. exd5 Qxd5 26. Bxf8 Bxf8 27. Qc2 Bd6 28. Be4 Qe5 29. g3 Bxc7 30. Bxa8 Bxa5 31. Qa2 b4 32. Rd1 Ne6 33. Bd5 Bc7 34. Qxa6 Ng5 35. Kg2 Qf5 36. Qc4 Bb6 37. Rd2 Ba5 38. g4 Qf6 39. Ra2 Bd8 40. Qxb4 Qe5 41. Qc4 Bc7 42. f4 Qxf4 43. Qxf4 Bxf4 44. Re2 h5 45. h4 Nh7 46. Rf2 Nf6 47. Ba2 g5 48. hxg5 Bxg5 49. Rf5 Nh7 50. Bxf7+ Kg7 51. Bxh5 1-0

[Event "Hanoi op"]
[Site "Hanoi"]
[Date "2022.08.28"]
[Round "8"]
[White "Pham, Xuan Dat"]
[Black "Le, Tri Kien"]
[Result "0-1"]
[WhiteElo "2234"]
[BlackElo "1887"]
[PlyCount "104"]
[EventDate "2022.08.20"]
[EventType "swiss"]
[EventRounds "9"]
[EventCountry "VIE"]
[SourceTitle "CBM 209 Extra"]
[Source "ChessBase"]
[SourceDate "2022.09.30"]
[SourceVersion "1"]
[SourceVersionDate "2022.09.30"]
[SourceQuality "1"]

1. d4 Nf6 2. c4 e6 3. Nc3 Bb4 4. e3 0-0 5. Bd3 d5 6. Nf3 c5 7. 0-0 Nc6 8. a3 Bxc3 9. bxc3 dxc4 10. Bxc4 Qc7 11. Bb2 e5 12. h3 Bf5 13. Qe2 Rad8 14. Bb5 e4 15. Nd2 Ne7 16. c4 Ne8 17. dxc5 Qxc5 18. Bd4 Qc7 19. Rfb1 Nd6 20. Ba4 b6 21. Rc1 Nb7 22. Bc2 Nc6 23. Bc3 Nc5 24. Qh5 Bg6 25. Qh4 Rfe8 26. a4 a5 27. Nb3 Nb4 28. Nd4 Ncd3 29. Bxd3 exd3 30. f4 Nc2 31. Nxc2 dxc2 32. Qg3 Qxc4 33. Rxc2 Qc5 34. Re1 Rd3 35. f5 Rxc3 36. Rxc3 Qxc3 37. fxg6 hxg6 38. Qf2 Re4 39. Rb1 Rxa4 40. Qg3 Ra1 41. Qb8+ Kh7 42. Qxb6 Rxb1+ 43. Qxb1 Qxe3+ 44. Kh1 Qc5 45. Qb3 f6 46. h4 Qc1+ 47. Kh2 Qf4+ 48. g3 Qg4 49. Qb5 a4 50. Qa5 f5 51. Kg2 f4 52. Qxa4 f3+ 0-1

[Event "Hanoi IM"]
[Site "Hanoi"]
[Date "2022.05.28"]
[Round "8"]
[White "Pham, Xuan Dat"]
[Black "Concio, Michael Jr"]
[Result "0-1"]
[WhiteElo "2227"]
[BlackElo "2211"]
[PlyCount "100"]
[EventDate "2022.05.24"]
[EventType "tourn"]
[EventRounds "9"]
[EventCountry "VIE"]
[EventCategory "1"]
[SourceTitle "CBM 208 Extra"]
[Source "ChessBase"]
[SourceDate "2022.07.31"]
[SourceVersion "1"]
[SourceVersionDate "2022.07.31"]
[SourceQuality "1"]

1. d4 Nf6 2. c4 e5 3. dxe5 Ng4 4. Nf3 Nc6 5. Bf4 Bb4+ 6. Nbd2 Qe7 7. a3 Ngxe5 8. Nxe5 Nxe5 9. e3 Bxd2+ 10. Qxd2 d6 11. Be2 0-0 12. 0-0 b6 13. Rac1 Bb7 14. Rfd1 Rfd8 15. Qc3 c5 16. Rd2 Bc6 17. Rcd1 f6 18. b3 Rac8 19. Bg3 Ba8 20. a4 a5 21. Qc2 Qb7 22. Bf1 Qe7 23. Bd3 g6 24. Be4 Nf7 25. Bxa8 Rxa8 26. Rd5 Rd7 27. Qe2 Rad8 28. Bf4 Ne5 29. R1d2 Kg7 30. h3 Qe6 31. Qd1 Nf7 32. Bg3 Kg8 33. Kh2 Kg7 34. e4 Re8 35. f3 Rde7 36. Kh1 f5 37. exf5 Qf6 38. Qc2 Re3 39. fxg6 hxg6 40. R5d3 Re1+ 41. Kh2 R1e6 42. Qd1 R6e7 43. Qf1 Re6 44. Qf2 Qa1 45. Rd1 Qf6 46. Qd2 Re2 47. Qc1 Ne5 48. Rxd6 Rxg2+ 49. Kxg2 Qxf3+ 50. Kh2 Ng4+ 0-1

[Event "Hanoi IM"]
[Site "Hanoi"]
[Date "2022.05.27"]
[Round "5"]
[White "Bui, Vinh"]
[Black "Pham, Xuan Dat"]
[Result "1/2-1/2"]
[WhiteElo "2414"]
[BlackElo "2227"]
[PlyCount "38"]
[EventDate "2022.05.24"]
[EventType "tourn"]
[EventRounds "9"]
[EventCountry "VIE"]
[EventCategory "1"]
[SourceTitle "CBM 208 Extra"]
[Source "ChessBase"]
[SourceDate "2022.07.31"]
[SourceVersion "1"]
[SourceVersionDate "2022.07.31"]
[SourceQuality "1"]

1. d4 Nf6 2. Bg5 c5 3. Bxf6 gxf6 4. d5 Qb6 5. Qc1 f5 6. c4 Bg7 7. Nc3 d6 8. e3 Nd7 9. Nh3 Ne5 10. Qc2 Bd7 11. Be2 h5 12. 0-0 0-0-0 13. Rab1 Kb8 14. b4 Rc8 15. Rfc1 Ng4 16. Na4 Qa6 17. Nc3 Qb6 18. Na4 Qa6 19. Nc3 Qb6 1/2-1/2

[Event "Hanoi IM"]
[Site "Hanoi"]
[Date "2022.05.27"]
[Round "6"]
[White "Pham, Xuan Dat"]
[Black "Abelgas, Roel"]
[Result "1/2-1/2"]
[WhiteElo "2227"]
[BlackElo "2220"]
[PlyCount "55"]
[EventDate "2022.05.24"]
[EventType "tourn"]
[EventRounds "9"]
[EventCountry "VIE"]
[EventCategory "1"]
[SourceTitle "CBM 208 Extra"]
[Source "ChessBase"]
[SourceDate "2022.07.31"]
[SourceVersion "1"]
[SourceVersionDate "2022.07.31"]
[SourceQuality "1"]

1. d4 d5 2. Nf3 Nf6 3. g3 c5 4. Bg2 Nc6 5. 0-0 e6 6. c4 cxd4 7. Qa4 Qb6 8. Nbd2 dxc4 9. Nxc4 Qb4 10. Qxb4 Bxb4 11. a3 Be7 12. b4 d3 13. e3 0-0 14. Rd1 Nd5 15. Bb2 b5 16. Nce5 Nxe5 17. Nxe5 Bb7 18. Nxd3 Rfc8 19. Nf4 Rc2 20. Be5 Rd8 21. Nxd5 Bxd5 22. Bxd5 Rxd5 23. Rxd5 exd5 24. Rd1 f6 25. Bf4 Rc3 26. Rxd5 a6 27. e4 Rxa3 28. Bd6 1/2-1/2

[Event "VIE-chT"]
[Site "Hanoi"]
[Date "2022.03.30"]
[Round "5.7"]
[White "Nguyen, Lam Thien"]
[Black "Pham, Xuan Dat"]
[Result "1/2-1/2"]
[WhiteElo "2116"]
[BlackElo "2253"]
[PlyCount "75"]
[EventDate "2022.03.28"]
[EventType "swiss"]
[EventRounds "9"]
[EventCountry "VIE"]
[SourceTitle "EXT 2023"]
[Source "ChessBase"]
[SourceDate "2022.10.05"]
[SourceVersion "1"]
[SourceVersionDate "2022.10.05"]
[SourceQuality "1"]

1. e4 Nc6 2. Nf3 e5 3. Bc4 Nf6 4. d3 Be7 5. 0-0 0-0 6. Re1 d6 7. c3 a6 8. a4 Na5 9. Ba2 c5 10. Nbd2 Be6 11. Bxe6 fxe6 12. Nf1 Nd7 13. Be3 Bf6 14. b4 cxb4 15. cxb4 Nc6 16. Qb3 Qe7 17. N1d2 Kh8 18. b5 Nd4 19. Bxd4 exd4 20. bxa6 bxa6 21. Nc4 Rab8 22. Qa3 Nc5 23. Rab1 Qc7 24. h3 h6 25. a5 Nxe4 26. dxe4 Qxc4 27. Qxd6 Rbd8 28. Qb6 e5 29. Rb4 Qc3 30. Rb3 Qc4 31. Rb4 Qc8 32. Rbb1 Qa8 33. Qe6 Rde8 34. Qd6 Rd8 35. Qa3 Rfe8 36. Qd3 Rb8 37. Nd2 Qc6 38. Nc4 1/2-1/2

[Event "VIE-chT"]
[Site "Hanoi"]
[Date "2022.03.30"]
[Round "4.7"]
[White "Pham, Xuan Dat"]
[Black "Pham, Tran Gia Phuc"]
[Result "1-0"]
[WhiteElo "2253"]
[BlackElo "1912"]
[PlyCount "63"]
[EventDate "2022.03.28"]
[EventType "swiss"]
[EventRounds "9"]
[EventCountry "VIE"]
[SourceTitle "EXT 2023"]
[Source "ChessBase"]
[SourceDate "2022.10.05"]
[SourceVersion "1"]
[SourceVersionDate "2022.10.05"]
[SourceQuality "1"]

1. d4 Nf6 2. c4 c5 3. d5 e6 4. Nc3 exd5 5. cxd5 d6 6. e4 g6 7. f4 Bg7 8. Bb5+ Nfd7 9. a4 0-0 10. Nf3 Na6 11. 0-0 Nb4 12. h3 a6 13. Bc4 Rb8 14. Re1 Re8 15. Be3 b5 16. axb5 Nb6 17. Bf1 axb5 18. Bxb5 Bd7 19. Bf1 Ra8 20. Qd2 Qc7 21. Rxa8 Nxa8 22. e5 dxe5 23. fxe5 Bxe5 24. Nxe5 Qxe5 25. Bf2 Qd6 26. Rxe8+ Bxe8 27. Qe3 Qb8 28. Qxc5 Nc7 29. Bg3 Nca6 30. Qe3 Qc8 31. Bd6 Qd7 32. Qb6 1-0

[Event "VIE-ch"]
[Site "Tinh Bac Giang"]
[Date "2022.02.28"]
[Round "9"]
[White "Pham, Xuan Dat"]
[Black "Nguyen, Quang Trung"]
[Result "1-0"]
[WhiteElo "2253"]
[BlackElo "1797"]
[PlyCount "55"]
[EventDate "2022.02.28"]
[EventType "swiss"]
[EventRounds "9"]
[EventCountry "VIE"]
[SourceTitle "CBM 207 Extra"]
[Source "ChessBase"]
[SourceDate "2022.05.31"]
[SourceVersion "1"]
[SourceVersionDate "2022.05.31"]
[SourceQuality "1"]

1. d4 d5 2. c4 c6 3. Nf3 Nf6 4. Nc3 e6 5. Bg5 Be7 6. e3 0-0 7. Qc2 Nbd7 8. Bd3 h6 9. Bh4 dxc4 10. Bxc4 b5 11. Be2 Bb7 12. 0-0 a6 13. Rfd1 Qc7 14. e4 Nb6 15. e5 Nfd5 16. Bxe7 Qxe7 17. Ne4 Rac8 18. Nc5 Rfd8 19. Rac1 Rc7 20. a3 Rdc8 21. Nd2 Nd7 22. Nde4 Nxc5 23. dxc5 a5 24. Nd6 Rd8 25. Qe4 Rcd7 26. Bg4 Rxd6 27. cxd6 Qg5 28. Rc5 1-0

[Event "VIE-ch"]
[Site "Tinh Bac Giang"]
[Date "2022.02.28"]
[Round "3"]
[White "Pham, Xuan Dat"]
[Black "Nguyen, Van Huy"]
[Result "1/2-1/2"]
[WhiteElo "2253"]
[BlackElo "2407"]
[PlyCount "46"]
[EventDate "2022.02.28"]
[EventType "swiss"]
[EventRounds "9"]
[EventCountry "VIE"]
[SourceTitle "CBM 207 Extra"]
[Source "ChessBase"]
[SourceDate "2022.05.31"]
[SourceVersion "1"]
[SourceVersionDate "2022.05.31"]
[SourceQuality "1"]

1. c4 e6 2. Nc3 Bb4 3. e4 Ne7 4. d4 0-0 5. Bd3 b6 6. Nge2 d5 7. 0-0 dxc4 8. Bxc4 Ba6 9. Qd3 Qc8 10. Bf4 Bxc3 11. Nxc3 c6 12. Bd6 Re8 13. b4 Bxc4 14. Qxc4 Qd7 15. Bg3 Qb7 16. a4 a5 17. b5 Rc8 18. Qd3 Nd7 19. Rfc1 Nf6 20. f3 Rd8 21. Qe3 Rac8 22. Ne2 cxb5 23. axb5 Rxc1+ 1/2-1/2

[Event "VIE-ch"]
[Site "Ho Chi Minh City"]
[Date "2021.03.27"]
[Round "5"]
[White "Pham, Xuan Dat"]
[Black "Duong, The Anh"]
[Result "1/2-1/2"]
[WhiteElo "2215"]
[BlackElo "2309"]
[PlyCount "21"]
[EventDate "2021.03.24"]
[EventType "swiss"]
[EventRounds "9"]
[EventCountry "VIE"]
[SourceTitle "EXT 2022"]
[Source "ChessBase"]
[SourceDate "2021.10.06"]
[SourceVersion "1"]
[SourceVersionDate "2021.10.06"]
[SourceQuality "1"]

1. d4 d5 2. c4 c6 3. Nf3 Nf6 4. Nc3 e6 5. e3 Nbd7 6. Bd3 dxc4 7. Bxc4 b5 8. Bd3 Bb7 9. 0-0 a6 10. e4 c5 11. d5 1/2-1/2

[Event "VIE-ch"]
[Site "Ho Chi Minh City"]
[Date "2021.03.25"]
[Round "2"]
[White "Cao, Sang"]
[Black "Pham, Xuan Dat"]
[Result "0-1"]
[WhiteElo "2414"]
[BlackElo "2215"]
[PlyCount "83"]
[EventDate "2021.03.24"]
[EventType "swiss"]
[EventRounds "9"]
[EventCountry "VIE"]
[SourceTitle "EXT 2022"]
[Source "ChessBase"]
[SourceDate "2021.10.06"]
[SourceVersion "1"]
[SourceVersionDate "2021.10.06"]
[SourceQuality "1"]

1. e4 c5 2. Nf3 d6 3. d4 cxd4 4. Nxd4 Nf6 5. Nc3 a6 6. h3 e6 7. g4 b5 8. Bg2 Bb7 9. a3 Be7 10. 0-0 Qc7 11. Re1 0-0 12. g5 Nfd7 13. h4 Nc6 14. Nd5 Qd8 15. Nxe7+ Qxe7 16. Ne2 Rfd8 17. Ng3 Nb6 18. b3 d5 19. exd5 Nxd5 20. Qg4 Qc5 21. c4 bxc4 22. bxc4 Nb6 23. Rb1 Rab8 24. Ne4 Qa5 25. Bb2 Nd7 26. Qg3 Ne7 27. Bc3 Qa4 28. Rb4 Qc2 29. Rb2 Qa4 30. Rb4 Qc2 31. Rb2 Qa4 32. Nf6+ gxf6 33. gxf6+ Ng6 34. Rxb7 Rxb7 35. Bxb7 Kh8 36. Bg2 Rg8 37. Re4 Nge5 38. Qf4 Qd1+ 39. Be1 Nf3+ 40. Kf1 Qd3+ 41. Re2 Nd4 42. Qe3 0-1

[Event "VIE Cup"]
[Site "Hanoi"]
[Date "2021.??.??"]
[Round "4"]
[White "Nguyen, Hoang Nam2"]
[Black "Pham, Xuan Dat"]
[Result "1-0"]
[WhiteElo "2136"]
[BlackElo "2253"]
[PlyCount "95"]
[EventDate "2021.05.03"]
[EventType "swiss"]
[EventRounds "9"]
[EventCountry "VIE"]
[SourceTitle "EXT 2022"]
[Source "ChessBase"]
[SourceDate "2021.10.06"]
[SourceVersion "1"]
[SourceVersionDate "2021.10.06"]
[SourceQuality "1"]

1. c4 Nf6 2. Nc3 c5 3. Nf3 Nc6 4. d4 cxd4 5. Nxd4 g6 6. e4 d6 7. Be2 Nxd4 8. Qxd4 Bg7 9. Be3 0-0 10. Qd2 Be6 11. 0-0 Rc8 12. b3 a6 13. Rac1 Re8 14. f3 Qa5 15. Rc2 h5 16. Rd1 Red8 17. Na4 Qxd2 18. Rcxd2 Rc6 19. e5 Ne8 20. f4 Bg4 21. Bxg4 hxg4 22. c5 Bf8 23. Nb6 f6 24. Nc4 Rd7 25. Kf2 Kf7 26. Kg3 f5 27. exd6 Bg7 28. Bd4 Bxd4 29. Rxd4 Rxc5 30. Ne5+ Rxe5 31. fxe5 exd6 32. exd6 Kf6 33. R4d3 Ng7 34. b4 Ne6 35. Kf2 Ng5 36. Ke3 Nf7 37. Rd5 Ng5 38. Kd4 Ke6 39. Re1+ Ne4 40. Rxe4+ fxe4 41. Kxe4 b5 42. Re5+ Kf6 43. Kd5 Rh7 44. Re6+ Kf5 45. Re2 Rxh2 46. d7 Rh1 47. Rd2 Rh8 48. Kc6 1-0

[Event "VIE-ch op"]
[Site "Hanoi"]
[Date "2020.11.29"]
[Round "9"]
[White "Vo, Thanh Ninh"]
[Black "Pham, Xuan Dat"]
[Result "1/2-1/2"]
[WhiteElo "2344"]
[BlackElo "2336"]
[PlyCount "44"]
[EventDate "2020.11.23"]
[EventType "swiss"]
[EventRounds "9"]
[EventCountry "VIE"]
[SourceTitle "CBM 199 Extra"]
[Source "ChessBase"]
[SourceDate "2021.01.31"]
[SourceVersion "1"]
[SourceVersionDate "2021.01.31"]
[SourceQuality "1"]

1. c4 Nf6 2. g3 g6 3. Bg2 Bg7 4. Nc3 0-0 5. e4 e5 6. Nge2 c5 7. 0-0 d6 8. d3 Nc6 9. h3 a6 10. a3 Rb8 11. Rb1 b5 12. cxb5 axb5 13. b4 Ba6 14. Bg5 h6 15. Be3 Nd4 16. Qd2 Kh7 17. f4 exf4 18. Nxf4 Nd7 19. Kh2 h5 20. Ncd5 h4 21. g4 Be5 22. Kh1 g5 1/2-1/2

[Event "VIE-ch op"]
[Site "Hanoi"]
[Date "2020.11.28"]
[Round "8"]
[White "Le, Minh Hoang"]
[Black "Pham, Xuan Dat"]
[Result "1/2-1/2"]
[WhiteElo "2338"]
[BlackElo "2336"]
[PlyCount "36"]
[EventDate "2020.11.23"]
[EventType "swiss"]
[EventRounds "9"]
[EventCountry "VIE"]
[SourceTitle "CBM 199 Extra"]
[Source "ChessBase"]
[SourceDate "2021.01.31"]
[SourceVersion "1"]
[SourceVersionDate "2021.01.31"]
[SourceQuality "1"]

1. Nf3 Nf6 2. c4 g6 3. Nc3 Bg7 4. e4 d6 5. d4 0-0 6. Be2 e5 7. dxe5 dxe5 8. 0-0 Nbd7 9. Be3 c6 10. h3 Qe7 11. Qc2 Nh5 12. Rad1 Nf4 13. Rd2 Nc5 14. Rfd1 Nxe2+ 15. Nxe2 a5 16. a3 f5 17. exf5 Bxf5 18. Qc1 Bxh3 1/2-1/2

[Event "VIE-ch op"]
[Site "Hanoi"]
[Date "2020.11.25"]
[Round "5"]
[White "Pham, Xuan Dat"]
[Black "Dinh, Nho Kiet"]
[Result "1-0"]
[WhiteElo "2336"]
[BlackElo "2322"]
[PlyCount "59"]
[EventDate "2020.11.23"]
[EventType "swiss"]
[EventRounds "9"]
[EventCountry "VIE"]
[SourceTitle "CBM 199 Extra"]
[Source "ChessBase"]
[SourceDate "2021.01.31"]
[SourceVersion "1"]
[SourceVersionDate "2021.01.31"]
[SourceQuality "1"]

1. d4 Nf6 2. c4 b6 3. f3 Bb7 4. e4 d6 5. Nc3 Nbd7 6. Be3 g6 7. Qd2 Bg7 8. 0-0-0 e5 9. d5 h6 10. Kb1 Qe7 11. Nge2 0-0-0 12. Nc1 Ne8 13. b4 f5 14. Nb3 fxe4 15. fxe4 Nef6 16. Bd3 Ng4 17. Bg1 Rhf8 18. Qe2 Qh4 19. g3 Qh5 20. c5 dxc5 21. bxc5 Nxc5 22. Bxc5 bxc5 23. Ba6 Rd6 24. Bxb7+ Kxb7 25. Nxc5+ Kc8 26. Ne6 Rf7 27. Rhf1 Nf6 28. g4 Rb6+ 29. Ka1 Qh4 30. g5 1-0